| 000 | 00958nmm a2200277 a 4500 | ||
|---|---|---|---|
| 001 | ocm000579607 | ||
| 003 | TR-IsHL | ||
| 005 | 20201028121218.0 | ||
| 008 | 130705s2004 tu tur | ||
| 007 | cr cn | ||
| 020 | _a9789756351024 | ||
| 035 |
_a579607 _b(N$T) |
||
| 050 | 0 | 4 |
_aZ665.2.T9 _bB55 2004 |
| 090 | 0 | 4 |
_aZ665.2.T9 _bB55 2004 |
| 100 | 1 | _aBilar, Ender | |
| 245 | 1 | 0 |
_aKüreselleşen dünyada bilgi paylaşımı ve kütüphaneler _h[electronic resource] / _cEnder Bilar |
| 250 | _a1. bs. | ||
| 260 |
_aEdirne : _bTürk Kütüphaneciler Derneği Edirne Şubesi, _c2004 |
||
| 300 | _a149 p. | ||
| 650 | 4 | _aKütüphanecilik | |
| 650 | 4 | _aLibrary Science | |
| 650 | 0 |
_aKütüphanecilik _x Türkiye |
|
| 650 | 0 |
_aLibrary science _x Turkey |
|
| 650 | 7 |
_aLANGUAGE ARTS & DISCIPLINES / Library & Information Science / General _2bisacsh |
|
| 856 | 4 | 0 | _uhttp://search.ebscohost.com/login.aspx?direct=true&scope=site&db=e011xww&AN=579607 |
| 999 |
_c1201 _d1201 |
||